000 00500nam a22001931a 4500
001 1084
003 OSt
005 20260204211720.0
008 040116s1986||||xx ||||||b||||||||||spa||
050 _a374 42p
082 _a374 42p
100 _aQuintero Pizonero, Rosario
245 _aPrograma analítico, guía de estudio y temas de pedagogía 1 / Rosario Quintero Pizonero
264 _aS.l : S.n
300 _a231 p
500 _a
650 _a1.Educación - PedagógicaÌ
942 _2ddc
_cBK
999 _c1084
_d1084